Δάσκαλοι και διδασκαλία

Αποθηκεύτηκε σε:
Λεπτομέρειες βιβλιογραφικής εγγραφής
Κύριος συγγραφέας: Morrison, Arnold
Άλλοι συγγραφείς: McIntyre, Donald, 1937-2007
Μορφή: Βιβλίο
Γλώσσα:Greek
English
Δημοσίευση: Αθήνα : Δίπτυχο, 1975.
Έκδοση:2η εκδ.
Θέματα:
Ετικέτες: Προσθήκη ετικέτας
Δεν υπάρχουν, Καταχωρήστε ετικέτα πρώτοι!

MARC

LEADER 00000cam a2200000 i 4500
001 1/74907
008 960516s1975 gr | ||| |||| ||gre||
035 |a 1995  |b 1  |c Δωρεά  |l 10031976 
040 |a GR-MyUa  |b gre  |e AACR2  
041 1 |a gre  |h eng 
082 7 |a 371.1   |2 (22)  
100 1 |a Morrison, Arnold. 
245 1 0 |a Δάσκαλοι και διδασκαλία /   |c A. Morrison και D. McΙntyre.  
250 |a 2η εκδ.  
260 |a Αθήνα :   |b Δίπτυχο,   |c 1975.  
300 |a 320 σ. ;   |c 30 εκ.  
500 |a Τίτλος πρωτοτύπου: Teachers and teaching. 
504 |a Βιβλιογραφία : σ. 303-318. 
650 0 |a Teaching. 
650 0 |a Teachers. 
700 1 |a McIntyre, Donald,   |d 1937-2007. 
852 |a INST  |b RHODES  |e 19960516  |h 371.1 MOR  |p 005400007229  |q 005400007229  |t BK  |y 0 
852 |a INST  |b RHODES  |e 20220921  |h 371.1 MOR  |p 005400043058  |q 005400043058  |t BK  |y 0 
970 |z 1996/05/16